|
|
|
|
| LEADER |
00000nab a2200000 a 4500 |
| 001 |
vtls000728405 |
| 003 |
SK-MaSNL |
| 005 |
20260304234555.0 |
| 008 |
250429c2000 xo 0 slo |
| 015 |
|
|
|a SNBRB2000/08-19917
|
| 035 |
|
|
|a CLN000080553
|
| 035 |
|
|
|a urn:nbn:sk:snk-ab1jyl
|
| 035 |
|
|
|a (urnnbn)urn:nbn:sk:snk:ar-004avt
|
| 035 |
|
|
|a (uuid)b3d3d0fc-8eb6-43b3-9af6-75b401c4bc32
|
| 040 |
|
|
|a SNKBUCL
|b slo
|c SNKBUCL
|e AACR2
|
| 041 |
0 |
|
|a slo
|
| 044 |
|
|
|a xo
|c SK
|
| 080 |
|
|
|a 940.1"12"
|2 1997
|
| 100 |
1 |
|
|a Lukačka, Ján,
|d 1952-
|4 aut
|9 102667
|
| 245 |
1 |
0 |
|a Doba zlatých búl
|c Ján Lukačka
|
| 300 |
|
|
|b Obr., tab.
|
| 651 |
|
7 |
|a Európa
|x dejiny
|2 snkbucl
|9 170615
|
| 655 |
|
7 |
|a články z novín a časopisov
|2 snkbucl
|9 267496
|
| 773 |
0 |
|
|t Historická revue
|g Roč. 11, č. 3 (2000), s. 24-25
|
| 850 |
|
|
|a Slovenská národná knižnica
|
| 852 |
|
|
|a Slovenská národná knižnica
|
| 954 |
|
|
|a odborná, vedecká literatúra pôvodná (slovenská)
|2 lita
|
| 958 |
|
|
|a article27
|
| 958 |
|
|
|a OND
|
| 958 |
|
|
|a EUIPO
|
| 992 |
|
|
|a RBX
|
| 999 |
|
|
|c 3204591
|d 3206521
|